ARRUPE JESUIT UNIVERSITY

CORONAVIRUS -STOP THE SPREAD - CLEAN,DISINFECT,COVER

Imagination and the growth of science (Record no. 121779)

MARC details
000 -LEADER
fixed length control field 00695cam a2200241 4500
001 - CONTROL NUMBER
control field 316715
003 - CONTROL NUMBER IDENTIFIER
control field ARRUPE
005 - DATE AND TIME OF LATEST TRANSACTION
control field 20150120125852.0
008 - FIXED-LENGTH DATA ELEMENTS--GENERAL INFORMATION
fixed length control field 701016s1970 nyu 001 0 eng
010 ## - LIBRARY OF CONGRESS CONTROL NUMBER
LC control number 74016608
040 ## - CATALOGING SOURCE
Original cataloging agency DLC
Transcribing agency DLC
Modifying agency ICU
-- DLC
050 00 - LIBRARY OF CONGRESS CALL NUMBER
Classification number Q171
Item number .T34 1970
082 00 - DEWEY DECIMAL CLASSIFICATION NUMBER
Classification number 501
300 ## - PHYSICAL DESCRIPTION
Dimensions 21 cm.
100 1# - MAIN ENTRY--PERSONAL NAME
Personal name Taylor, A. M.
Fuller form of name (Alfred Maurice)
9 (RLIN) 14257
245 10 - TITLE STATEMENT
Title Imagination and the growth of science
Statement of responsibility, etc [by] A. M. Taylor.
260 ## - PUBLICATION, DISTRIBUTION, ETC. (IMPRINT)
Place of publication, distribution, etc New York,
Name of publisher, distributor, etc Schocken Books
Date of publication, distribution, etc [1970]
300 ## - PHYSICAL DESCRIPTION
Extent x, 110 p.
350 ## - PRICE (NR) (BK AM CF MU VM SE) [OBSOLETE]
Price 1.75
440 #0 - SERIES STATEMENT/ADDED ENTRY--TITLE
Title Tallman lectures,
Volume number/sequential designation 1964-5
9 (RLIN) 14258
650 #0 - SUBJECT ADDED ENTRY--TOPICAL TERM
Topical term or geographic name as entry element Science.
9 (RLIN) 2892
906 ## - LOCAL DATA ELEMENT F, LDF (RLIN)
a 7
b cbc
c orignew
d 4
e ncip
f 19
g y-gencatlg
942 ## - ADDED ENTRY ELEMENTS (KOHA)
Source of classification or shelving scheme Library of Congress Classification
Koha item type Monograph ( Printed materials)
Holdings
Withdrawn status Lost status Source of classification or shelving scheme Damaged status Not for loan Collection code Home library Current library Shelving location Date acquired Total Checkouts Full call number Barcode Date last seen Price effective from Koha item type
    Library of Congress Classification     Main Collection ARRUPE LIBRARY ARRUPE LIBRARY Main Collection 20/01/2015   Q171 .T34 1970 46500003193 03/07/2019 20/01/2015 Monograph ( Printed materials)

 

Arrupe Library. PO Box MP320 Mt Pleasant, Harare, Zimbabwe
263 242 745411|librarian@aju.ac.zw